| 000 | 00395nam a2200157Ia 4500 | ||
|---|---|---|---|
| 008 | 210716s2005 xx 000 0 und d | ||
| 020 | _a981253184X | ||
| 041 | _aeng | ||
| 082 | _a651.7 BELA | ||
| 100 | _aBell, Arthur H;Smith, Dayle M. | ||
| 245 | _aManagement communication. | ||
| 250 | _a1 | ||
| 260 |
_aNew York _bJohn Wiley and Sons _c2005 |
||
| 300 | _aviii,546 | ||
| 650 | _aMANAGEMENT | ||
| 999 |
_c206010 _d206010 |
||